000 00473nam a2200181 4500
001 121428
003 ES-MaACL
005 20230906191742.0
007 t|
008 070214s1977 sp r ||||1| spa d
245 0 1 _a¿Por qué se destruye la naturaleza?.
260 _aBarcelona :
_bPenínsula,
_c1977.
300 _a102 p. :
_bil. ;
_c22 cm.
490 1 _aLa Rambla
830 0 _aLa Rambla
_9218748
852 _aES-MaACL
_jA-7969
_bR.96911
999 _c121428
_d121428